| 000 | 00515nam a22001817a 4500 | ||
|---|---|---|---|
| 005 | 20240909143540.0 | ||
| 008 | 240909b |||||||| |||| 00| 0 eng d | ||
| 020 | _a0702119113 | ||
| 041 | _aEnglish | ||
| 082 | _a657 FAU | ||
| 100 | _lEnglish | ||
| 245 |
_aBasic Accounting for Attorneys / _cMA Faul et al. |
||
| 250 | _aFirst Edition | ||
| 260 |
_aCape Town: _bJuta and Company Ltd, _c1987 |
||
| 300 |
_b281 pages; _c26 cm. |
||
| 650 |
_aLegal practice _bLaw |
||
| 942 |
_cBK _6ALISON_BN_VRIES |
||
| 999 |
_c3027 _d3027 |
||